[Event "EU-ch Amateur Online Final 1700/2000"]
[Site "Tornelo INT"]
[Date "2021.04.25"]
[Round "5"]
[White "Lagaras, Stylianos"]
[Black "Yapici, Heval"]
[Result "1-0"]
[WhiteElo "1865"]
[BlackElo "1133"]
[PlyCount "77"]
[EventDate "2021.04.25"]
[EventType "swiss (rapid)"]
[EventRounds "9"]
[EventCountry "NET"]
[SourceTitle "EXT 2023"]
[Source "ChessBase"]
[SourceDate "2022.10.05"]
[SourceVersion "1"]
[SourceVersionDate "2022.10.05"]
[SourceQuality "1"]

1. e4 c5 2. Nf3 e6 3. d4 cxd4 4. Nxd4 Nc6 5. Nc3 Qc7 6. Be2 a6 7. 0-0 Nf6 8. Be3 b5 9. a3 Bb7 10. Qd2 Be7 11. Rad1 0-0 12. f4 Nxd4 13. Qxd4 d5 14. e5 Nd7 15. Qd2 Bc5 16. Bxc5 Nxc5 17. Kh1 Rfd8 18. Qd4 Nd7 19. Bd3 Nc5 20. f5 Nxd3 21. Rxd3 Qc4 22. Qb6 Qc6 23. Qxc6 Bxc6 24. Ne2 Bd7 25. f6 g6 26. c3 a5 27. Nd4 Rab8 28. h4 b4 29. axb4 axb4 30. Ra1 bxc3 31. Rxc3 Rxb2 32. Rc7 Rd2 33. Rxd7 Rc8 34. Nf3 Re2 35. Raa7 h5 36. Rxf7 Rb8 37. Rg7+ Kf8 38. Ng5 Re8 39. Nh7# 1-0